000 00547nam a2200181Ia 4500
999 _c29029
_d29029
003 OSt
005 20210104112925.0
008 190216s9999||||xx |||||||||||||| ||und||
020 _a9788182643840
040 _coclc
082 _a894.8121
_bNAM/N
100 _aNamboodiri, M V Vishnu
_97541
245 0 _aNadan Paattumanjari /
_cM V Vishnu Namboodiri
260 _bMathrubhumi Printing And Publishing,
_aKozhikode:
_c2007.
300 _a199p
650 _aKavithkal
942 _cBK
_2ddc
_h894.8121
_iNAM/N
_k894.8121
_mNAM/N